00697 a2200193 450000100060000002000180000604000240002410000200004824000200006824500150008830000070010336200090011065000310011994200070015095201150015795201070027295201070037999900170048614340 a9788589059213 cAnchieta - Aquarius aGuerra, Enéas10aVaporzinholpor10aVaporzinho a360 a2009 4aLiteratura infanto-juvenil cBK 00104070a87.1bCPLd2023-11-21l1o028.5 GUE VAPp6177/AQUr2023-11-21 15:29:24s2023-11-21w2023-11-21yBK 00104070a91.4b91.4d2023-11-21l0oLI 028.5 GUE VAPp2270/BELr2023-11-21 17:41:11w2023-11-21yBK 00104070a88.1b88.1d2023-11-21l0oLI 028.5 GUE VAPp4991/ITAr2023-11-21 20:06:16w2023-11-21yBK c14340d14340